00594pam a2200193 a 4500001000800000005001700008008004100025010001700066020003200083040002300115041000800138060002200146080001700168082002100185100000700206101000800213245012800221504005100349208576120180124073525.0950109s1995 nyua b 001 0 eng c a 95002539  a0898628490 (acidfree paper) aDNLM/DLCcDLCdDLC aeng00aWM 171 D5355 1995 a616.8527 KOC00a616.8527 KOC220 a48 aPSI00aDiagnosis and treatment of chronic depression /cedited by James H. Kocsis, Daniel N. Klein ; foreword by Allen J. Frances. aIncludes bibliographical references and index.